书目信息 |
| 题名: |
怀念集
|
|
| 作者: | 巴金 著 | |
| 分册: | ||
| 出版信息: | 银川 宁夏人民出版社 1982 |
|
| 页数: | 242页 | |
| 开本: | 21cm | |
| 丛书名: | ||
| 单 册: | ||
| 中图分类: | I267 , I211 | |
| 科图分类: | ||
| 主题词: | 散文--中国--现代--选集 , 文学--作品集--中国 | |
| 电子资源: | ||
| ISBN: | ||
| 000 | 00612nam0 2200241 450 | |
| 001 | 1572164999 | |
| 005 | 20150125160314.12 | |
| 010 | @dCNY0.80 | |
| 091 | @a10157.156 | |
| 100 | @a19950706d1982 em y0chiy0110 ea | |
| 101 | 0 | @achi |
| 102 | @aCN@b640000 | |
| 105 | @ay z 000cy | |
| 200 | 1 | @a怀念集@9huai nian ji@f巴金著 |
| 210 | @a银川@c宁夏人民出版社@d1982 | |
| 215 | @a242页@d21cm | |
| 606 | 0 | @a散文@y中国@z现代@x选集 |
| 606 | 0 | @a文学@x作品集@x中国 |
| 690 | @aI267@v5 | |
| 690 | @aI211@v4 | |
| 701 | 0 | @a巴金@9ba jin@f(1904~2005)@4著 |
| 801 | 0 | @aCN@bTSSF@c20150125 |
| 905 | @aZUCC@dI211@eJY126 | |
| 怀念集/巴金著.-银川:宁夏人民出版社,1982 |
| 242页;21cm |
| ISBN :CNY0.80 |
| ● |
| 相关链接 |
|
|
|
|
正题名:怀念集
索取号:I211/JY126
 
预约/预借
| 序号 | 登录号 | 条形码 | 馆藏地/架位号 | 状态 | 备注 |
| 1 | 7855258 | 278552585 | 学院路分馆/ [索取号:I211/JY126] | 在馆 | |
| 2 | 7855275 | 278552754 | 学院路分馆/ [索取号:I211/JY126] | 在馆 | |
| 3 | 7855276 | 278552763 | 学院路分馆/ [索取号:I211/JY126] | 在馆 | |
| 4 | 7855277 | 278552772 | 学院路分馆/ [索取号:I211/JY126] | 在馆 |